000 01101nmm a2200349 a 4500
003 AR-BaBNM
005 20251128210106.0
008 011101s1996 ||||||||||||||000 | spa||
020 _a956-201-276-X
040 _cAR-BaBNM
245 1 0 _aTalleres pedagógicos
_balternativas en formación docente para el cambio de la práctica de aula
260 _aSantiago de Chile
_bDolmen Ediciones
_c1996
300 _a185 p.
650 4 _aFORMACION DE DOCENTES
650 4 _aPRAXIS EDUCATIVA
650 4 _aPERFIL PROFESIONAL DEL DOCENTE
653 _aCAPACITACION DOCENTE
653 _aTALLERES EDUCATIVOS
653 _aREFLEXION SOBRE LA PRACTICA
653 _aINVESTIGACION EDUCATIVA
700 1 _aInostroza de Celis, Gloria
700 1 _aAbarzua Palma, Paola
700 1 _aGutierrez Prado, Cecilia
700 1 _aJara Illanes, Enriqueta
700 1 _aMolina Valenzuela, Pilar
700 1 _aRetamar Morales, Haydee
700 1 _aSanchez Sturmer, Veronica
700 1 _aSepulveda García, María Amelia
700 1 _aTapia Gutierrez, Carmen Paz
942 _cBK
998 _cRaquel
999 _c14009
_d14009